• 首页
  • 本馆介绍
  • 公告通知
  • 最新文献
  • 馆藏检索
  • 电子资源
  • 读者导购
  • 参考咨询
  • 我的图书馆
  • 登录
  • 详细信息显示
  • 放入我的书架
  • 预约/预借图书
  • 作者相关作品
  • 分类相关作品
  • 丛书相关作品
  • 出版社相关作品

书目信息

  • 表格格式
  • 工作单格式
  • 卡片格式
题名:
月难圆
    
 
作者: 张福先 , 张惠文 编
分册:  
出版信息: 北京   中国戏剧出版社  1982
页数: 60页
开本: 19cm
丛书名: 戏曲现代创作丛书
单 册:
中图分类: I236.22 , I236.227
科图分类:
主题词: 剧本-评剧--河北--现代 , 戏剧文学--剧本--中国 , 评剧-剧本--河北--现代
电子资源:
ISBN:
000 00834nam2 2200301 45
001 0182008897
005 20060913104217.10
010    @dCNY0.21
091    @a8068.221
100    @a19950628d1982 em y0chiy0121 ea
101 0  @achi
102    @aCN@b110000
105    @af z 000by
200 10 @a月难圆@Ayue nan yuan@e八场评剧@f张福先, 张惠文编
210    @a北京@c中国戏剧出版社@d1982
215    @a60页@c照片@d19cm
225 2  @a戏曲现代创作丛书
410  0 @120010@a戏曲现代创作丛书
606    @a剧本-评剧@y河北@z现代
606 0  @a戏剧文学@x剧本@x中国
606    @a评剧-剧本@y河北@z现代
690    @aI236.22
690    @aI236.227@v3
701  0 @a张福先@Azhang fu xian@4编
701  0 @a张惠文@Azhang hui wen@4编
801  2 @aCN@bNLC@c20060913
801  0 @aCN@b上海图书馆@c20040416
905    @f1@b106689@dI236.22@e5
    
    月难圆:八场评剧/张福先, 张惠文编.-北京:中国戏剧出版社,1982
    60页:照片;19cm.-(戏曲现代创作丛书)
    
    
    ISBN :CNY0.21
    
●
相关链接 在E读中查询图书 在五车中查询图书 在当当中查询图书 在豆瓣中查询图书


正题名:月难圆     索取号:I236.22/5         预约/预借

序号 登录号 条形码 馆藏地/架位号 状态 备注
1 0106689   000767799   第二借阅区/ [索取号:I236.22/5] 在馆    
2 0106690   000767815   第一样本阅览室/ [索取号:I236.22/5] 在馆    
3 0474255   204742555   密集书库/ [索取号:I236.22/5] 在馆    
唐山师范学院图书馆 欢迎您!
大连网信软件有限公司© 版权所有